La casa de los alaridos /

Solly, el tío favorito de Jill, era un mago muy famoso. Cuando murió, dejó su enorme caserón en Fear Street a la familia de su sobrina, que tiene muchas ganas de ir a vivir allí. Pero la casa no quedó vacía: hay unas extrañas criaturas que no quieren ser molestadas y planean una sorpresa terrorífica...

Descripción completa

Guardado en:
Autor Principal: Stine, R. L.
Otros Autores: Sedet; trad.
Formato: Libro
Publicado: Barcelona : Emecé, 1998.
Edición:1a ed.
Series:Fantasmas de Fear Street ; 17
Materias:
Etiquetas: Agregar Etiqueta
Sin Etiquetas, Sea el primero en etiquetar este registro!
LEADER 01101nam a22002655a 4500
001 CEM.cems024279
008 240826s1998##################000#0#####d
005 20240826175530.0
245 1 0 |a La casa de los alaridos /  |c R. L. Stine ; traducido por Sedet. 
250 |a 1a ed. 
260 |a Barcelona :  |b Emecé,  |c 1998. 
300 |a 128 p. 
490 0 |a Fantasmas de Fear Street ;  |v 17 
520 |a Solly, el tío favorito de Jill, era un mago muy famoso. Cuando murió, dejó su enorme caserón en Fear Street a la familia de su sobrina, que tiene muchas ganas de ir a vivir allí. Pero la casa no quedó vacía: hay unas extrañas criaturas que no quieren ser molestadas y planean una sorpresa terrorífica e inolvidable para Jill y su familia. 
020 |a 9500418703 
100 1 |a Stine, R. L. 
700 1 |a Sedet; trad. 
082 0 4 |a 813.5 
653 |a Literatura 
653 |a Literatura juvenil 
653 |a Novelas 
653 |a Novelas juveniles 
653 |a Literatura norteamericana 
653 |a Novelas de terror 
859 |a CEMS  |b BIB. CEMS - Inicial y Primaria  |h 813.5  |i St52-3  |k IP  |p 2311  |t Ej.1